| 000 | 01037nam a2200265 a 4500 | ||
|---|---|---|---|
| 001 | BRCA_4417 | ||
| 005 | 20190320204650.0 | ||
| 008 | 170810s1996----sp-a######---#000-0#spa-# | ||
| 020 | _a8447203557 | ||
| 041 | _aspa | ||
| 044 | _asp | ||
| 050 | 4 |
_aBX4200 _b.P47 1996 |
|
| 100 | 1 |
_aPérez Cano, María Teresa _911222 |
|
| 245 | 1 | 0 |
_aPatrimonio y ciudad _bel sistema de los conventos de clausura en el centro histórico de Sevilla : génesis, diagnóstico y propuesta de intervención para su recuperación urbanística _cMaría Teresa Pérez Cano. |
| 260 |
_aEspaña _bFundación Fondo de Cultura de Sevilla : Universidad de Sevilla _c1996 |
||
| 300 |
_a483 p. _bil. (algunas a color), 24 láminas _c24 cm. |
||
| 440 | 0 |
_aSerie Arte _v10. 1995 _911223 |
|
| 440 | 0 |
_aColección Focus _v9. 1995 _911224 |
|
| 500 | _aIncluye índice de figuras y láminas | ||
| 500 | _aColección Sonia Corcuera de Mancera | ||
| 504 | _aBibliografía: p. [443]-450 | ||
| 650 | 1 | 4 |
_aOrdenes religiosas de mujeres _95451 |
| 902 | _aDSC | ||
| 942 |
_2lcc _cB |
||
| 999 |
_c4126 _d4126 |
||